LIBRARY & INFORMATION CENTRE, KCAET, TAVANUR

ONLINE PUBLIC ACCESS CATALOGUE (OPAC)

Civil engineering estimating and costing / (Record no. 7434)

MARC details
000 -LEADER
fixed length control field 00471cam a2200193ua 4500
041 ## - LANGUAGE CODE
Language code of text/sound track or separate title eng
082 ## - DEWEY DECIMAL CLASSIFICATION NUMBER
Classification number 692.5
Item number CHA/CI
100 ## - MAIN ENTRY--AUTHOR NAME
Personal name Chandola, S P .
245 ## - TITLE STATEMENT
Title Civil engineering estimating and costing /
250 ## - EDITION STATEMENT
Edition statement 2 /
260 ## - PUBLICATION, DISTRIBUTION, ETC. (IMPRINT)
Place of publication Delhi :
Name of publisher Khanna publishers ,
Year of publication 1986.
300 ## - PHYSICAL DESCRIPTION
Number of Pages 531 ; .
700 1# - ADDED ENTRY--PERSONAL NAME
Personal name Vazirani, V N.
942 ## - ADDED ENTRY ELEMENTS (KOHA)
Koha item type Books
Holdings
Withdrawn status Lost status Damaged status Home library Current library Date acquired Full call number Accession Number Koha item type
      KAUAET KAUAET 07/04/2012 692.5 18196 Books
free website counter